1598 1346 1314 1922 1770 1450 1146 1606 1996 1574 1736 1277 1876 1380 1298 1745 1190 1044 1044 1907 1835 1829 1663 1785 1877 1173 1523 1527 1791 1189 1791 1986 1025 1485 1996 1884 1748 1812 1145 1069 1956 1636 1694 1877 1070 1574 2000 1841 1588 1094 1718 1413 1689 1878 1822 1857 1190 1254 1655 1369 1197 1586 1501 1221 1754 1673 1293 1938 1311 1817 1763 1909 1165 1838 1295 1546 1149 1688 1559 1740 1225 1784 1499 1500 1537 1943 1990 1252 1014 1976 1295 1801 1653 1094 1398 1525 1247 1141 1029 BCNSPRNW ULIB Ver.6.0+V

เปลี่ยนเป็นภาษาไทย

Change to English
 แสดงรายละเอียดบรรณานุกรม
  กลับหน้าหลัก

Brief Record : Get Marc (ISO 2709) : E-mail record : QR code < ปิดหน้าต่าง
LEADER : 00000nam 2200000uu 4500
001    13399113556
003     ULIB
008    110627s2552||||th 000 0 tha d
020    9786160600625
090    นว.^bT111ก 2552
100 0  The Little Finger
245 00 กบฏหน้าใสล็อกหัวใจไว้เคียงรัก/^cThe Little Finger
250    พิมพ์ครั้งที่ 1
260    กรุงเทพฯ :^bแจ่มใส,^c2552
300    232 หน้า
710 1  แจ่มใส
945    ^p169^l0^i026738
995    ทศพร
999 ^a ใช้งานได้ทุกระบบ
รายการนี้ยังไม่มีแท็ก
คุณยังไม่ได้ล็อกอิน คุณสามารถมีกิจกรรมร่วมกับเว็บไซต์ได้ แต่ต้องล็อกอินก่อน ::
  ล็อกอิน

รายการสื่อสารสนเทศ

ลำดับที่ ประเภท เลขเรียก/บาร์โค้ด สถานที่ สถานะ
1. นวนิยาย
นวนิยาย
นว. T111ก 2552 ฉ.1 
  Barcode: 026738
ห้องสมุดวิทยาเขตสวรรค์ประชารักษ์
►นวนิยาย
บนชั้น
  ขอยืม

รายการใกล้เคียง
    ผู้แต่ง [The Little Finger]

BibComment


ยังไม่เคยถูกคอมเมนท์

คอมเมนท์ทรัพยากรรายการนี้
  คอมเมนท์: กบฏหน้าใสล็อกหัวใ..


 Copyright 2026. Bcnsprnw @Library